[Event "49th Capablanca Mem Open I 2014"]
[Site "Havana CUB"]
[Date "2014.05.10"]
[Round "3.5"]
[White "Jimenez Fraga, Pedro Alejandro"]
[Black "Ruiz C, Joshua D"]
[Result "1-0"]
[WhiteTitle "IM"]
[BlackTitle "IM"]
[WhiteElo "2463"]
[BlackElo "2362"]
[WhiteFideId "3508188"]
[BlackFideId "4400704"]
[EventDate "2014.04.08"]

1. e4 c5 2. Nf3 d6 3. d3 g6 4. g3 Bg7 5. Bg2 Nc6 6. O-O e6 7. c3 Nge7 8. d4 O-O
9. dxc5 dxc5 10. Qe2 Qc7 11. Na3 a6 12. Be3 b6 13. Rac1 a5 14. Nb5 Qb8 15. a4 e5
16. Rfd1 Be6 17. Nd2 Na7 18. Nc4 Nxb5 19. axb5 Nc8 20. Rd2 Qc7 21. Bf1 Bd7 22.
Na3 Ne7 23. Qd3 Be6 24. Qd6 Qb7 25. f3 Nc8 26. Qc6 Qb8 27. Bc4 Bh3 28. Rcd1 Ra7
29. Rd8 Rc7 30. Rxf8+ Bxf8 31. Qe8 Re7 32. Qd8 Kg7 33. Bh6+ Kxh6 34. Qxf8+ Kg5
35. Bf1 Bxf1 36. h4+ Kf6 37. Qh8+ Ke6 38. Kxf1 Qc7 39. Nc4 Na7 40. Rd6+ Qxd6 41.
Nxd6 Kxd6 42. Qf6+ 1-0

[Event "49th Capablanca Mem Open I 2014"]
[Site "Havana CUB"]
[Date "2014.05.10"]
[Round "3.7"]
[White "Sanchez Enriquez, Oscar Gerardo"]
[Black "Zaragatski, Ilja"]
[Result "1/2-1/2"]
[WhiteTitle "FM"]
[BlackTitle "GM"]
[WhiteElo "2405"]
[BlackElo "2480"]
[WhiteFideId "5106311"]
[BlackFideId "4655192"]
[EventDate "2014.04.08"]

1. e4 d6 2. d4 Nf6 3. Nc3 e5 4. Nf3 Nbd7 5. Bc4 Be7 6. O-O Nb6 7. Bb3 exd4 8.
Qxd4 O-O 9. Re1 Bg4 10. a4 a5 11. Qe3 Nfd7 12. Nd4 Nc5 13. Qg3 Bd7 14. Bf4 Bh4
15. Qf3 Bf6 16. e5 dxe5 17. Bxe5 Bxe5 18. Rxe5 Nxb3 19. Nxb3 Bxa4 20. Rd1 Bd7
21. Qxb7 Qc8 1/2-1/2

[Event "49th Capablanca Mem Open I 2014"]
[Site "Havana CUB"]
[Date "2014.05.10"]
[Round "3.8"]
[White "Fernandez Hernandez, Arturo A."]
[Black "Trent, Lawrence"]
[Result "1/2-1/2"]
[WhiteTitle "FM"]
[BlackTitle "IM"]
[WhiteElo "2367"]
[BlackElo "2468"]
[WhiteFideId "3509230"]
[BlackFideId "408638"]
[EventDate "2014.04.08"]

1. e4 e5 2. Nf3 Nc6 3. Nc3 Nf6 4. Bb5 Bc5 5. O-O O-O 6. Nxe5 Nxe5 7. d4 Bd6 8.
f4 Nc6 9. e5 Be7 10. exf6 Bxf6 11. d5 Nb4 12. Bc4 c6 1/2-1/2

[Event "49th Capablanca Mem Open I 2014"]
[Site "Havana CUB"]
[Date "2014.05.10"]
[Round "3.9"]
[White "Perez Garcia, Rodney Oscar"]
[Black "Martinez Duany, Lelys Stanley"]
[Result "1/2-1/2"]
[WhiteTitle "IM"]
[BlackTitle "GM"]
[WhiteElo "2355"]
[BlackElo "2464"]
[WhiteFideId "3500918"]
[BlackFideId "3504727"]
[EventDate "2014.04.08"]

1. e4 c5 2. Nf3 Nc6 3. Bb5 g6 4. O-O Bg7 5. Re1 Nh6 6. Bxc6 bxc6 7. e5 O-O 8. d3
f6 9. exf6 exf6 10. Nc3 Nf7 11. h3 f5 12. Be3 d6 13. d4 cxd4 14. Bxd4 Bh6 15. b4
a5 16. a3 Bb7 17. Na4 axb4 18. axb4 Re8 19. Rxe8+ Qxe8 20. Nb6 Rxa1 1/2-1/2

[Event "49th Capablanca Mem Open I 2014"]
[Site "Havana CUB"]
[Date "2014.05.10"]
[Round "3.10"]
[White "Ortega Amarelle, Mariano"]
[Black "Ordaz Valdes, Lisandra Teresa"]
[Result "1-0"]
[WhiteTitle "IM"]
[BlackTitle "WGM"]
[WhiteElo "2457"]
[BlackElo "2365"]
[WhiteFideId "3504301"]
[BlackFideId "3506940"]
[EventDate "2014.04.08"]

1. d4 d5 2. c4 e6 3. Nf3 Nf6 4. g3 dxc4 5. Bg2 c5 6. O-O Nc6 7. dxc5 Qxd1 8.
Rxd1 Bxc5 9. Nbd2 c3 10. bxc3 O-O 11. Nb3 Be7 12. Nfd4 Bd7 13. Nxc6 Bxc6 14.
Bxc6 bxc6 15. c4 a5 16. Bd2 Bb4 17. f3 e5 18. a3 Bxd2 19. Rxd2 a4 20. Nc5 Rfb8
21. Rad1 h5 22. Kf2 Kh7 23. Nd7 Nxd7 24. Rxd7 Kg8 25. Rc7 Rb3 26. Rdd7 Rf8 27.
Rxc6 Rxa3 28. Ra7 Rd8 29. Rcc7 Rd2 30. Rxf7 Raa2 31. Rxg7+ Kf8 32. Rgb7 Rxe2+
33. Kf1 Rf2+ 34. Ke1 Rfe2+ 35. Kd1 Rad2+ 36. Kc1 Ke8 37. h4 Rc2+ 38. Kb1 Rcd2
39. Kc1 Rc2+ 40. Kb1 Rcd2 41. Rb8+ Rd8 42. Rxd8+ Kxd8 43. Rxa4 Re3 44. Ra5 Kd7
45. Kc2 Ke6 46. f4 Rxg3 47. Rxe5+ Kd6 48. Rxh5 Rg4 49. Kc3 Rxf4 50. Kb4 1-0

[Event "49th Capablanca Mem Open I 2014"]
[Site "Havana CUB"]
[Date "2014.05.10"]
[Round "3.11"]
[White "Vera Gonzalez-Quevedo, Reynaldo"]
[Black "Baerwinkel, Tobias"]
[Result "1/2-1/2"]
[WhiteTitle "GM"]
[WhiteElo "2454"]
[BlackElo "2322"]
[WhiteFideId "3500055"]
[BlackFideId "4637429"]
[EventDate "2014.04.08"]

1. d4 Nf6 2. c4 c5 3. d5 b5 4. Nf3 b4 5. a3 g6 6. Nbd2 Bg7 7. e4 O-O 8. Bd3 d6
9. h3 e6 10. O-O exd5 11. exd5 Re8 12. axb4 cxb4 13. Nb3 a5 14. Bd2 Bb7 15. Ra4
Nbd7 16. Qa1 Nc5 17. Nxc5 dxc5 18. Qa2 Nxd5 19. cxd5 Bxd5 20. Bc4 Bxf3 21. Be3
Bc6 22. Bxf7+ Kh8 23. Bxe8 Bxe8 24. Bxc5 Bxa4 25. Qxa4 Bxb2 26. Re1 Rb8 27. Ba7
Ra8 28. Bc5 Bg7 29. Re7 Qg8 30. Qd7 Rd8 31. Qc7 Rc8 32. Qd7 Rd8 33. Qc7 h5 34.
Bd6 Re8 35. Rxe8 Qxe8 36. Qxa5 b3 37. Qb4 b2 38. f4 Qe2 39. Kh2 Qd1 40. Be5 Bxe5
41. fxe5 b1=Q 42. Qf8+ 1/2-1/2

[Event "49th Capablanca Mem Open I 2014"]
[Site "Havana CUB"]
[Date "2014.05.10"]
[Round "3.12"]
[White "Hernandez Marquez, Noel"]
[Black "Delgado Ramos, Hector"]
[Result "0-1"]
[WhiteTitle "FM"]
[BlackTitle "IM"]
[WhiteElo "2353"]
[BlackElo "2447"]
[WhiteFideId "3506991"]
[BlackFideId "3504824"]
[EventDate "2014.04.08"]

1. e4 c5 2. Nf3 d6 3. c3 Nf6 4. Be2 g6 5. O-O Bg7 6. Bb5+ Bd7 7. Bxd7+ Nbxd7 8.
Re1 O-O 9. d4 cxd4 10. cxd4 d5 11. e5 Ne4 12. Nc3 Nxc3 13. bxc3 Nb6 14. h4 Rc8
15. Bd2 Rc6 16. h5 Qd7 17. Ng5 Qf5 18. g4 Qc8 19. e6 fxe6 20. hxg6 hxg6 21. Kg2
Nc4 22. Bc1 Rf6 23. Rh1 Nd6 24. Rh4 Rxc3 25. Qh1 Nf7 26. Nxf7 Rxf7 27. Be3 Rxe3 0-1

[Event "49th Capablanca Mem Open I 2014"]
[Site "Havana CUB"]
[Date "2014.05.10"]
[Round "3.13"]
[White "Miranda Mesa, Elier"]
[Black "Barros Rivadeneira, Cristhian"]
[Result "1/2-1/2"]
[WhiteTitle "FM"]
[BlackTitle "IM"]
[WhiteElo "2439"]
[BlackElo "2273"]
[WhiteFideId "3510697"]
[BlackFideId "3609677"]
[EventDate "2014.04.08"]

1. e4 c5 2. Nf3 Nc6 3. d4 cxd4 4. Nxd4 g6 5. c4 Bg7 6. Be3 Nf6 7. Nc3 d6 8. Be2
Nxd4 9. Qxd4 O-O 10. Qd2 Bd7 11. O-O Bc6 12. f3 a5 13. b3 Nd7 14. Rfc1 Nc5 15.
Rab1 Qb6 16. Rc2 Rfc8 17. Bf1 h5 18. g3 Qd8 19. Bh3 e6 20. Rd1 Be5 21. Bg2 Qc7
22. Ne2 Rd8 23. Nd4 Bg7 24. Qf2 e5 25. Nb5 Qe7 26. Rcd2 Bxb5 27. cxb5 Ne6 28.
Bb6 Re8 29. Rxd6 Nd4 30. Rd5 Rec8 31. Bxd4 exd4 32. f4 a4 33. e5 axb3 34. axb3
Bf8 35. Qxd4 Ra2 36. Be4 Qa3 37. e6 fxe6 38. Qf6 Qe7 39. Qxg6+ Bg7 40. Rxh5 Kf8
41. Rg5 Qd7 42. Qxg7+ Qxg7 43. Rxg7 Kxg7 44. Bxb7 Rc3 45. Rb1 Ra3 46. b4 Rab3
47. Rxb3 Rxb3 48. Bc8 Rxb4 49. Bxe6 Rxb5 50. Kg2 Kf6 51. Bg4 Rb2+ 52. Kh3 Rf2
53. Bd7 Rd2 54. Bc6 Rc2 55. Bf3 Rf2 56. Bg4 Rd2 57. Bc8 Rc2 58. Bb7 Rb2 59. Bf3
Rf2 60. Bg2 Ke6 61. Bb7 Kf6 62. Bc8 Rc2 63. Bd7 Rd2 64. Bg4 Rf2 65. Kh4 Rxh2+
66. Bh3 Rf2 67. f5 Rb2 68. g4 Rb8 69. g5+ Ke5 70. Kg4 Rf8 71. f6 Rxf6 1/2-1/2

[Event "49th Capablanca Mem Open I 2014"]
[Site "Havana CUB"]
[Date "2014.05.10"]
[Round "3.14"]
[White "Davila, Carlos"]
[Black "Garcia Pantoja, Roberto"]
[Result "1/2-1/2"]
[WhiteTitle "IM"]
[BlackTitle "IM"]
[WhiteElo "2313"]
[BlackElo "2438"]
[WhiteFideId "6100040"]
[BlackFideId "3509265"]
[EventDate "2014.04.08"]

1. e4 c5 2. Nf3 Nc6 3. Bb5 d6 4. O-O Bd7 5. Re1 Nf6 6. h3 a6 7. Bf1 e5 8. c3 Be7
9. d4 O-O 10. d5 Na7 11. Nxe5 dxe5 12. d6 Bc6 13. dxe7 Qxe7 14. Bg5 h6 15. Bxf6
Qxf6 16. Nd2 Rad8 17. Qc2 Rd7 18. Nb3 Rfd8 19. f3 Bb5 20. Bxb5 Nxb5 21. a4 c4
22. axb5 cxb3 23. Qf2 axb5 24. Re2 Qc6 25. Kh2 Rd6 26. h4 h5 27. Qe3 g6 28. Ra3
Qc4 29. Ra7 Rd3 30. Qg5 Rd1 31. Re1 Qc5 32. Ra8 1/2-1/2

[Event "49th Capablanca Mem Open I 2014"]
[Site "Havana CUB"]
[Date "2014.05.10"]
[Round "3.15"]
[White "Borges Feria, Yasel"]
[Black "Pina Vega, Sulennis"]
[Result "1/2-1/2"]
[WhiteTitle "FM"]
[BlackTitle "WGM"]
[WhiteElo "2427"]
[BlackElo "2313"]
[WhiteFideId "3504921"]
[BlackFideId "3503151"]
[EventDate "2014.04.08"]

1. Nf3 Nf6 2. e3 d5 3. c4 e6 4. Nc3 c5 5. d4 dxc4 6. Bxc4 a6 7. O-O b5 8. Be2
Bb7 9. a3 Nc6 10. dxc5 Qxd1 11. Rxd1 Bxc5 12. b4 Be7 13. Bb2 O-O 14. Nd2 Rfd8
15. Nb3 Rxd1+ 16. Rxd1 Rd8 17. Rc1 Nd7 18. Rd1 Nb6 19. Rxd8+ 1/2-1/2

[Event "49th Capablanca Mem Open I 2014"]
[Site "Havana CUB"]
[Date "2014.05.10"]
[Round "3.16"]
[White "Fernandez Guillen, Ernesto J."]
[Black "Soto Hernandez, Henry"]
[Result "1/2-1/2"]
[WhiteTitle "FM"]
[BlackTitle "FM"]
[WhiteElo "2292"]
[BlackElo "2421"]
[WhiteFideId "3512428"]
[BlackFideId "3507475"]
[EventDate "2014.04.08"]

1. e4 c6 2. d4 d5 3. e5 Bf5 4. Be3 e6 5. Nd2 Nd7 6. Ngf3 Ne7 7. Be2 Bg6 8. O-O
Nf5 9. Nb3 Be7 10. Qd2 O-O 11. Bd3 Qc7 12. Bf4 c5 13. dxc5 Bxc5 14. Rfe1 Bb6 15.
c3 Nc5 16. Nxc5 Bxc5 17. Bxf5 Bxf5 18. Be3 Be7 1/2-1/2

[Event "49th Capablanca Mem Open I 2014"]
[Site "Havana CUB"]
[Date "2014.05.10"]
[Round "3.17"]
[White "Leyva Rivera, Yunier"]
[Black "Albornoz Cabrera, Carlos Daniel"]
[Result "1-0"]
[WhiteTitle "FM"]
[WhiteElo "2417"]
[BlackElo "2194"]
[WhiteFideId "3505065"]
[BlackFideId "3518736"]
[EventDate "2014.04.08"]

1. d4 Nf6 2. c4 g6 3. Nc3 Bg7 4. e4 d6 5. Be2 O-O 6. Bg5 Nbd7 7. Qd2 e5 8. d5
Nc5 9. f3 a5 10. g4 h6 11. Be3 Nfd7 12. h4 Kh7 13. h5 g5 14. Nh3 f6 15. Nf2 Rf7
16. O-O Bf8 17. Nh1 Nb6 18. Ng3 Bd7 19. Rfd1 Na6 20. Nb5 Nc5 21. Kg2 Nc8 22. Qc2
Kh8 23. b3 Na6 24. a3 Rb8 25. Rab1 c6 26. Nc3 c5 27. Nb5 Ra8 28. Rdc1 Nc7 29.
Nc3 Na6 30. Nb5 Nc7 31. Nxc7 Qxc7 32. b4 b6 33. Qb2 Be7 34. Bd2 axb4 35. axb4
Bd8 36. Ra1 Rxa1 37. Rxa1 Rf8 38. Ra3 Qb7 39. Be3 Qc7 40. Ra2 Ne7 41. Bd1 Bc8
42. Ba4 Ba6 43. Qb3 Qc8 44. bxc5 bxc5 45. Bb5 Bb7 46. Qa4 Bb6 47. Ba6 Bxa6 48.
Qxa6 Qxa6 49. Rxa6 Rb8 50. Kf2 Kg8 51. Ne2 Kf7 52. Nc3 Ke8 53. Nb5 Kd7 54. Ke2
Nc8 55. Kd3 Rb7 56. Ra8 Bc7 57. Bd2 Bb6 58. Rxc8 Kxc8 59. Nxd6+ Kc7 60. Nxb7
Kxb7 61. Kc2 Ka6 62. Kb3 Bd8 63. Ka4 Bc7 64. Be1 Bd8 65. d6 Bb6 66. Bf2 Ba7 67.
d7 Bb6 68. Bxc5 1-0

[Event "49th Capablanca Mem Open I 2014"]
[Site "Havana CUB"]
[Date "2014.05.10"]
[Round "3.18"]
[White "Bueno Perez, Lazaro Antonio"]
[Black "Aguero Jimenez, Luis Lazaro"]
[Result "1/2-1/2"]
[WhiteTitle "IM"]
[BlackTitle "IM"]
[WhiteElo "2225"]
[BlackElo "2416"]
[WhiteFideId "3500691"]
[BlackFideId "3508455"]
[EventDate "2014.04.08"]

1. e4 d5 2. exd5 Qxd5 3. Nc3 Qd6 4. d4 Nf6 5. Nf3 a6 6. Be2 Nc6 7. h3 Bf5 8. O-O
e6 9. Be3 Be7 10. Qd2 O-O 11. a3 Rad8 12. Rad1 Ne4 13. Nxe4 Bxe4 14. Bf4 Qd7 15.
c3 b5 16. Qe3 Bd5 17. Bd3 Bf6 18. Bg5 Qe7 19. Bxf6 Qxf6 20. Ng5 g6 21. f4 Na5
22. b4 Nc4 23. Bxc4 Bxc4 24. Rf2 Ra8 25. Ne4 Qd8 26. Nc5 Qd5 27. Qe5 Qxe5 28.
fxe5 a5 29. Re1 axb4 30. axb4 Rfd8 31. Re3 Ra1+ 32. Kh2 Bd5 33. h4 h6 34. Rg3
Kg7 35. Rg4 Ra2 36. Rxa2 Bxa2 37. Ne4 Ra8 38. Nf6 Kf8 39. Rf4 Ra3 40. Rf3 Bc4
41. Nd7+ Ke7 42. Nf6 Ra8 43. Kg3 Kf8 44. Nd7+ Kg7 45. Nf6 h5 46. Kh2 Be2 47. Rf2
Bd3 48. Rd2 Bc4 49. Rf2 Ra3 50. Rf3 Ra2 51. Ne8+ Kf8 52. Nf6 c6 53. Nd7+ Ke8 54.
Nf6+ Ke7 55. Ng8+ Kf8 56. Nf6 Rc2 57. Kg3 Be2 58. Rf2 Rxc3+ 59. Kh2 Bc4 60. Nh7+
Ke8 61. Ng5 Rb3 62. Nxf7 Rxb4 63. Nd6+ Kd8 64. Rf8+ Kc7 65. Rf1 Kb8 66. Rf8+ Ka7
67. Rf7+ 1/2-1/2

[Event "49th Capablanca Mem Open I 2014"]
[Site "Havana CUB"]
[Date "2014.05.10"]
[Round "3.19"]
[White "Blanco Ronquillo, Humberto L."]
[Black "Hernandez Moya, Yuleisy"]
[Result "1-0"]
[WhiteTitle "IM"]
[BlackTitle "WIM"]
[WhiteElo "2416"]
[BlackElo "2222"]
[WhiteFideId "3504239"]
[BlackFideId "3511685"]
[EventDate "2014.04.08"]

1. d4 e6 2. c4 Nf6 3. Nc3 c5 4. d5 exd5 5. cxd5 d6 6. e4 g6 7. h3 a6 8. a4 Bg7
9. Nf3 O-O 10. Bd3 Nbd7 11. Bf4 Qe7 12. O-O Ne8 13. Qd2 Nc7 14. Rfe1 Ne5 15.
Nxe5 Bxe5 16. Rab1 a5 17. Bc4 Bd7 18. Bg5 Bf6 19. Bxf6 Qxf6 20. e5 dxe5 21. Ne4
Qg7 22. Nxc5 Bf5 23. Rbd1 b6 24. d6 bxc5 25. dxc7 Rfc8 26. Qd6 Qf8 27. Qxe5 h5
28. Qf4 h4 29. g4 hxg3 30. fxg3 Re8 31. g4 Be6 32. Bxe6 fxe6 33. Qxf8+ Kxf8 34.
Rd7 Ra6 35. Rf1+ Kg8 36. Rd8 Ra8 37. Rxa8 Rxa8 38. Rd1 1-0

[Event "49th Capablanca Mem Open I 2014"]
[Site "Havana CUB"]
[Date "2014.05.10"]
[Round "3.20"]
[White "Fernandez De La Vara, Arnaldo"]
[Black "Gomez Garrido, Camilo Ernesto"]
[Result "0-1"]
[WhiteTitle "FM"]
[BlackTitle "IM"]
[WhiteElo "2312"]
[BlackElo "2499"]
[WhiteFideId "3518388"]
[BlackFideId "3507904"]
[EventDate "2014.04.08"]

1. e4 c5 2. Nf3 d6 3. d4 Nf6 4. Nc3 cxd4 5. Nxd4 a6 6. Be3 e6 7. Be2 Qc7 8. a4
b6 9. f4 Bb7 10. Bf3 Nbd7 11. Qe2 g6 12. Rd1 Be7 13. f5 e5 14. Nb3 Rc8 15. fxg6
hxg6 16. O-O d5 17. Nxd5 Bxd5 18. exd5 e4 19. d6 Bxd6 20. Bg4 Bxh2+ 21. Kh1 Nxg4
22. g3 Bg1+ 0-1

[Event "49th Capablanca Mem Open I 2014"]
[Site "Havana CUB"]
[Date "2014.05.10"]
[Round "3.21"]
[White "Obregon, Andres Carlos"]
[Black "Olivares Canelles, Francisco"]
[Result "0-1"]
[WhiteTitle "IM"]
[BlackTitle "FM"]
[WhiteElo "2498"]
[BlackElo "2305"]
[WhiteFideId "111724"]
[BlackFideId "3504590"]
[EventDate "2014.04.08"]

1. e4 Nf6 2. e5 Nd5 3. d4 d6 4. c4 Nb6 5. exd6 exd6 6. Nc3 Be7 7. Bd3 Nc6 8.
Nge2 O-O 9. O-O Bg4 10. f3 Bh5 11. Be3 Re8 12. b3 Bg6 13. Bxg6 hxg6 14. d5 Ne5
15. Bd4 Bf8 16. f4 Ned7 17. Qd3 c5 18. dxc6 bxc6 19. f5 gxf5 20. Rxf5 Ne5 21.
Bxe5 Rxe5 22. Raf1 Rxf5 23. Qxf5 Qd7 24. Qf3 d5 25. cxd5 cxd5 26. Rd1 Rd8 27.
Nf4 d4 28. Ne4 Qf5 29. Ng3 Qc2 30. Nd3 Nd5 31. Rf1 Qc7 32. Nf5 Ne3 33. Rc1 Qd7
34. Nxe3 dxe3 35. Nf4 Qd2 36. Ne2 Rd6 37. Qf1 Rf6 38. Qe1 Qxa2 39. Ra1 Qb2 40.
Rxa7 Rf2 41. Ng3 Rxg2+ 42. Kf1 Rf2+ 43. Kg1 Rxh2 44. Qf1 Rf2 45. Qe1 Qe5 0-1

[Event "49th Capablanca Mem Open I 2014"]
[Site "Havana CUB"]
[Date "2014.05.10"]
[Round "3.22"]
[White "Calvo Quinteiro, Jose Manuel"]
[Black "Alvarez Pedraza, Aramis"]
[Result "1/2-1/2"]
[WhiteTitle "FM"]
[BlackTitle "GM"]
[WhiteElo "2308"]
[BlackElo "2486"]
[WhiteFideId "3505154"]
[BlackFideId "3507408"]
[EventDate "2014.04.08"]

1. e4 e5 2. Nf3 Nc6 3. Bb5 a6 4. Ba4 Nf6 5. O-O Be7 6. Re1 b5 7. Bb3 d6 8. c3
O-O 9. h3 a5 10. a4 b4 11. d4 bxc3 12. Nxc3 Nxd4 13. Nxd4 exd4 14. Qxd4 Rb8 15.
Bc2 c6 16. Rb1 Be6 17. b3 Nd7 18. Nd5 cxd5 19. exd5 Bxh3 20. Qd3 g6 21. Qxh3 Rc8
22. Bd3 Bf6 23. Bb5 Nc5 24. Bf4 Bd4 25. Qf3 Qf6 26. Re2 Qf5 27. Rbe1 Bc3 28. Rc1
Bb4 29. Bh6 Ne4 30. Qd3 Rxc1+ 31. Bxc1 Nc3 32. Rc2 Qxd3 33. Bxd3 Nxd5 34. Bh6
Rb8 35. Rc6 Ne7 36. Rc7 d5 37. Bg5 Kf8 38. Bh6+ Kg8 39. Bg5 Nc8 40. Bf4 Nd6 41.
Rd7 Rb6 42. Bh6 1/2-1/2

[Event "49th Capablanca Mem Open I 2014"]
[Site "Havana CUB"]
[Date "2014.05.10"]
[Round "3.23"]
[White "Abreu Delgado, Aryam"]
[Black "Hernandez Fernandez, Ramon A."]
[Result "1/2-1/2"]
[WhiteTitle "GM"]
[BlackTitle "FM"]
[WhiteElo "2464"]
[BlackElo "2293"]
[WhiteFideId "3502589"]
[BlackFideId "3503909"]
[EventDate "2014.04.08"]

1. c4 g6 2. Nc3 Bg7 3. g3 Nf6 4. Bg2 O-O 5. Nf3 d6 6. O-O Nc6 7. d3 e5 8. Rb1 a5
9. a3 h6 10. b4 axb4 11. axb4 Be6 12. Qb3 d5 13. e4 dxc4 14. dxc4 Qd3 15. Rd1
Qxc4 16. Qxc4 Bxc4 17. b5 Na5 18. Nxe5 Nxe4 19. Nxe4 Bxe5 20. Bxh6 1/2-1/2

[Event "49th Capablanca Mem Open I 2014"]
[Site "Havana CUB"]
[Date "2014.05.10"]
[Round "3.24"]
[White "Gutierrez Delgado, Yusuan A."]
[Black "Espinosa Veloz, Ermes"]
[Result "1/2-1/2"]
[WhiteTitle "FM"]
[BlackTitle "FM"]
[WhiteElo "2307"]
[BlackElo "2458"]
[WhiteFideId "3508005"]
[BlackFideId "3507424"]
[EventDate "2014.04.08"]

1. d4 Nf6 2. Nf3 g6 3. g3 Bg7 4. c4 c5 5. Bg2 Qa5+ 6. Bd2 Qb6 7. Nc3 cxd4 8. Na4
Qd6 9. Bf4 Qb4+ 10. Bd2 Qd6 11. Bf4 Qb4+ 1/2-1/2

[Event "49th Capablanca Mem Open I 2014"]
[Site "Havana CUB"]
[Date "2014.05.10"]
[Round "3.25"]
[White "Yanes Canizares, Alejandro"]
[Black "Pozo Vera, Sandro"]
[Result "1/2-1/2"]
[WhiteTitle "FM"]
[BlackTitle "GM"]
[WhiteElo "2305"]
[BlackElo "2452"]
[WhiteFideId "3506134"]
[BlackFideId "3507203"]
[EventDate "2014.04.08"]

1. d4 e6 2. c4 Bb4+ 3. Nc3 c5 4. e3 Nf6 5. Bd3 O-O 6. Ne2 cxd4 7. exd4 d5 8. O-O
dxc4 9. Bxc4 Nc6 10. Bg5 Be7 11. Re1 Bd7 1/2-1/2

[Event "49th Capablanca Mem Open I 2014"]
[Site "Havana CUB"]
[Date "2014.05.10"]
[Round "3.26"]
[White "Georgiadis, Nico"]
[Black "Martin Gonzalez, Orlando Jose"]
[Result "1/2-1/2"]
[WhiteTitle "IM"]
[WhiteElo "2446"]
[BlackElo "2298"]
[WhiteFideId "1300113"]
[BlackFideId "3501370"]
[EventDate "2014.04.08"]

1. e4 c5 2. Nf3 g6 3. d4 Bg7 4. Nc3 cxd4 5. Nxd4 Nc6 6. Be3 Nf6 7. Be2 O-O 8.
O-O d5 9. exd5 Nxd5 10. Nxd5 Nxd4 11. Bxd4 Qxd5 12. Bxg7 Qxd1 13. Rfxd1 Kxg7 14.
Bf3 Be6 15. b3 Rae8 16. c4 b6 17. Bb7 Rd8 18. Ba6 Kf6 19. f3 Rd6 20. Rxd6 exd6
21. Rd1 Rd8 22. Kf2 Ke7 23. Bb7 Rd7 24. Be4 Rc7 25. f4 h5 26. Ke3 a5 27. a4 Rc5
28. Kd4 Kd7 29. Re1 Kc7 30. Bxg6 Bxc4 31. Bxf7 Bxf7 32. Re7+ Kc6 33. Rxf7 Rc2
34. Rg7 Rf2 35. Ke3 Rb2 36. f5 Kd5 37. Rb7 Rxb3+ 38. Kf4 Rb4+ 39. Kg5 Rg4+ 40.
Kxh5 Rxg2 41. Rxb6 Ke5 42. Rb5+ d5 43. h4 Rf2 44. Kg6 Rg2+ 45. Kf7 Rf2 46. h5
Rxf5+ 47. Kg6 Rf4 48. Rxa5 Rg4+ 49. Kh7 Ke4 50. h6 d4 51. Ra7 d3 52. Rg7 Rh4 53.
Kg6 d2 54. Rd7 Ke3 55. h7 Rg4+ 56. Kf7 Rh4 57. Kg8 Rg4+ 1/2-1/2

[Event "49th Capablanca Mem Open I 2014"]
[Site "Havana CUB"]
[Date "2014.05.10"]
[Round "3.27"]
[White "Rasmussen, Karsten"]
[Black "Larduet Despaigne, Carlos"]
[Result "1-0"]
[WhiteTitle "IM"]
[BlackTitle "FM"]
[WhiteElo "2430"]
[BlackElo "2281"]
[WhiteFideId "1400088"]
[BlackFideId "3500780"]
[EventDate "2014.04.08"]

1. Nf3 d5 2. c4 c6 3. d4 Nf6 4. e3 a6 5. b3 Bg4 6. Nbd2 e6 7. Bd3 Nbd7 8. O-O
Bd6 9. h3 Bh5 10. Qc2 O-O 11. Bb2 Qe7 12. Ne5 Bg6 13. Nxg6 hxg6 14. Rad1 Rad8
15. c5 Bc7 16. f4 Ne8 17. Nf3 f5 18. Bc3 Nef6 19. Be1 Ra8 20. b4 Rfc8 21. a4 b6
22. Qe2 a5 23. cxb6 Bxb6 24. bxa5 Ba7 25. Rb1 c5 26. dxc5 Bxc5 27. Rb7 Qd6 28.
Bb5 Rc7 29. Rxc7 Qxc7 30. Nd4 Qd6 31. Nb3 Ba7 32. Nd4 Bc5 33. a6 g5 1-0

[Event "49th Capablanca Mem Open I 2014"]
[Site "Havana CUB"]
[Date "2014.05.10"]
[Round "3.28"]
[White "Vitier Vazquez, Cristian"]
[Black "Alarcon Casellas, Rolando"]
[Result "1/2-1/2"]
[WhiteTitle "FM"]
[BlackTitle "IM"]
[WhiteElo "2288"]
[BlackElo "2394"]
[WhiteFideId "3513157"]
[BlackFideId "3507610"]
[EventDate "2014.04.08"]

1. Nf3 d5 2. c4 c6 3. e3 Nf6 4. Nc3 e6 5. d4 Nbd7 6. Be2 dxc4 7. Bxc4 b5 8. Qc2
c5 9. dxc5 Bxc5 10. b3 O-O 11. Bb2 Qb6 12. h3 1/2-1/2

[Event "49th Capablanca Mem Open I 2014"]
[Site "Havana CUB"]
[Date "2014.05.10"]
[Round "3.29"]
[White "Enrique Hernandez, Eddy Ernesto"]
[Black "Hernandez Gonzalez, William"]
[Result "0-1"]
[BlackTitle "FM"]
[WhiteElo "2287"]
[BlackElo "2356"]
[WhiteFideId "3508765"]
[BlackFideId "3509915"]
[EventDate "2014.04.08"]

1. d4 Nf6 2. c4 g6 3. Nc3 Bg7 4. e4 d6 5. f4 O-O 6. Nf3 c5 7. dxc5 Qa5 8. Bd3
Qxc5 9. Qe2 Nc6 10. Be3 Qa5 11. Rc1 Be6 12. O-O Ng4 13. Bd2 Nb4 14. Kh1 Qh5 15.
Bb1 Bxc3 16. Bxc3 Nxh2 17. Kg1 Nxf1 18. Bxb4 Nh2 19. Qe3 Ng4 20. Qd4 a5 21. Ba3
Rac8 22. b3 b5 23. Bb2 Qc5 24. Qxc5 Rxc5 25. cxb5 Rxb5 26. Rc7 Re8 27. Bd3 Rc5
28. Ra7 Rec8 29. g3 d5 30. Nd4 dxe4 31. Nxe6 fxe6 32. Bxe4 Nf6 33. Bd3 Rd5 34.
Bf1 Rc2 35. Be5 Ng4 36. Rxe7 Nxe5 0-1